A magyar utazási irodák munkaerőpiaci kihívásai, motivációs és jutalmazási lehetőségek az utazási irodák számára

Bibliográfiai részletek
Szerző: Szatmári Zsófia
További közreműködők: Kálmán István
Dokumentumtípus: Diplomadolgozat
Kulcsszavak:jutalmazás
magyar munkaerőpiac szerkezete
motiváció
munkaerőpiac
utazási irodák
Online Access:http://dolgozattar.uni-bge.hu/59425

MARC

LEADER 00000nta a2200000 i 4500
001 dolg59425
005 20260207094706.0
008 260207suuuu hu om 000 hun d
040 |a BGE Dolgozattár Repozitórium  |b hun 
041 |a hu 
100 1 |a Szatmári Zsófia 
245 1 2 |a A magyar utazási irodák munkaerőpiaci kihívásai, motivációs és jutalmazási lehetőségek az utazási irodák számára  |c Szatmári Zsófia  |h [elektronikus dokumentum] 
520 3 |a A turizmus szektor, mint gazdasági ágazat kiemelkedő szerepet tölt be Magyarországon. Ezt köszönheti főként a gazdaságban betöltött szerepének, ezen belül is GDP-hez való jókora hozzájárulásának, illetve a foglalkoztatási és munkaerőpiaci aktív jelenlétének. A turisztikai területen belül az utazási irodák, mint szolgáltatói lánc, kulcsfontosságú szerepet játszanak, hiszen közvetlen kapcsolatuk révén a fogyasztókkal, erős befolyásoló erejük van az ágazat versenyképességére és teljesítményére. A szektor viszont különösen érzékeny akár a legapróbb gazdasági és társadalmi változásokra, amit az elmúlt években a saját bőrünkön is megtapasztalhattunk. Az egyre súlyosbodó munkaerő piaci kihívások hosszútávon az utazási vállalatok létét és piacképességét is roncsolhatja. A humánerőforrás hiánya az utazási vállalatok esetében nem csupán a fizikai munkaerő elérhetőségének problémáját jelenti, hanem az akár alap nyelvtudással, megfelelő szakképzettséggel és szakmai kompetenciákkal rendelkező szakemberek hiányát is. Így a már meglévő munkaerő megtartása egyre inkább stratégiai prioritássá válik, melynek elérésében kiemelkedő szerepet kapnak a motivációs és jutalmazási módszerek és lehetőségek. Szakdolgozatomban szeretném bemutatni az utazási vállalatok létrejöttét, típusait, valamint a munkaerőállományának összetételét. Ezt követően pedig feltárom a munkaerőpiacot fenyegető legfőbb probléma, azaz munkaerőhiány fő okozati tényezőit. Ennek eléréséhez szekunder forrásokon alapuló részletes szakirodalmi elemzést fogok végezni. Emellett célom fényt deríteni arra, hogy miért is kiemelkedően fontos az utazási irodai dolgozók jóléte, hiszen ők a mozgató rugói ennek a gépezetnek és megfelelő motiváltságuk az olaj. Ennek okán összegyűjtöm a leghasznosabb ösztönző rendszereket. 
695 |a jutalmazás 
695 |a magyar munkaerőpiac szerkezete 
695 |a motiváció 
695 |a munkaerőpiac 
695 |a utazási irodák 
700 1 |a Kálmán István  |e ths 
856 4 0 |u http://dolgozattar.uni-bge.hu/59425/1/A%20magyar%20utaz%C3%A1si%20irod%C3%A1k%20munkaer%C5%91piaci%20kih%C3%ADv%C3%A1sai%2C%20motiv%C3%A1ci%C3%B3s%20%C3%A9s%20jutalmaz%C3%A1si%20lehet%C5%91s%C3%A9gek%20az%20utaz%C3%A1si%20irod%C3%A1k%20sz%C3%A1m%C3%A1ra.pdf  |z Dokumentum-elérés 
856 4 0 |u http://dolgozattar.uni-bge.hu/59425/2/B%C3%ADr%C3%A1lati%20lap%20szakdolgozatokhoz%20diplomamunk%C3%A1khoz%20-%20Szatm%C3%A1ri.pdf  |z Dokumentum-elérés